[Event "Thessaloniki-Chalkidiki-ch U16"]
[Site "Thessaloniki"]
[Date "2022.04.20"]
[Round "5"]
[White "Sioulas, Stylianos"]
[Black "Theodoridis, Dimitrios"]
[Result "1-0"]
[WhiteElo "1272"]
[BlackElo "1010"]
[PlyCount "57"]
[EventDate "2022.04.15"]
[EventType "swiss"]
[EventRounds "5"]
[EventCountry "GRE"]
[SourceTitle "EXT 2024"]
[Source "ChessBase"]
[SourceDate "2023.10.10"]
[SourceVersion "1"]
[SourceVersionDate "2023.10.10"]
[SourceQuality "1"]

1. e4 e5 2. Nf3 Nc6 3. Bc4 Bc5 4. d3 h6 5. 0-0 d6 6. h3 Nf6 7. Re1 0-0 8. c3 Re8 9. a4 a5 10. Nbd2 Ne7 11. Qb3 Rf8 12. Nf1 Ng6 13. Ng3 c6 14. Bd2 Rb8 15. d4 Ba7 16. Qa2 Bd7 17. Bb3 Bb6 18. Rad1 exd4 19. cxd4 Bc7 20. Qb1 Re8 21. e5 dxe5 22. Qxg6 Kh8 23. Bxf7 Rf8 24. dxe5 Nd5 25. Bxd5 cxd5 26. Bc3 Be8 27. Qg4 b5 28. e6 Bd6 29. Qxg7# 1-0

[Event "EThessaloniki SSTH HALK-ch U16"]
[Site "Thessaloniki"]
[Date "2017.11.05"]
[Round "3.3"]
[White "Mitsis, Georgios"]
[Black "Sioulas, Stylianos"]
[Result "1-0"]
[WhiteElo "1329"]
[BlackElo "1156"]
[PlyCount "71"]
[EventDate "2017.10.01"]
[EventType "swiss"]
[EventRounds "6"]
[EventCountry "GRE"]
[SourceTitle "EXT 2024"]
[Source "ChessBase"]
[SourceDate "2023.10.10"]
[SourceVersion "1"]
[SourceVersionDate "2023.10.10"]
[SourceQuality "1"]

1. e4 e5 2. Nf3 Nc6 3. Bc4 Bc5 4. d3 Nf6 5. Bg5 0-0 6. Nc3 Bb4 7. Qd2 Re8 8. a3 Bxc3 9. Qxc3 d6 10. Bd5 Bd7 11. Qb3 Be6 12. Bxf6 Bxd5 13. exd5 Qxf6 14. dxc6 e4 15. dxe4 Rxe4+ 16. Kd1 Rg4 17. cxb7 Rb8 18. Re1 Qd8 19. g3 Qd7 20. h3 Rg6 21. Nh4 Rf6 22. f4 Kf8 23. Rh1 Qc6 24. Qf3 Qc5 25. Qg2 Qd4+ 26. Kc1 d5 27. Qd2 Qc5 28. Rd1 Rc6 29. b4 Qb6 30. Qxd5 Qxb7 31. Nf5 f6 32. Qd7 Rxc2+ 33. Kxc2 Qg2+ 34. Kc1 a5 35. Qe7+ Kg8 36. Qxg7# 1-0